000
00503nam a2200181Ia 4500
008
090124s9999 xx 000 0 und d
082
_b
129927
100
_a
रोकडे मनोहर
245
_a
दर्पण दर्शन
250
_a
1
260
_c
2000
300
_a
88
600
_a
रोकडे मनोहर
630
_a
दर्पण दर्शन
700
_a
रोकडे मनोहर
730
_a
दर्पण दर्शन
942
_c
BOOK
999
_c
176016
_d
176016